• 首页
  • 本馆介绍
  • 公告通知
  • 最新文献
  • 馆藏检索
  • 电子资源
  • 读者导购
  • 参考咨询
  • 我的图书馆
  • 登录
  • 详细信息显示
  • 放入我的书架
  • 预约/预借图书
  • 作者相关作品
  • 分类相关作品
  • 丛书相关作品
  • 出版社相关作品

书目信息

  • 表格格式
  • 工作单格式
  • 卡片格式
题名:
东方神韵
    
 
作者: 薛富兴 著
分册:  
出版信息: 北京   人民文学出版社  2000
页数: 357页
开本: 32开
丛书名: 猫头鹰学术文丛
单 册:
中图分类: B83-05
科图分类:
主题词: 意境--研究 , 美学
电子资源:
ISBN: 7-02-003082-3
000 00675nam0 2200241 45
001 0109161059
005 20031219104057.2
010    @a7-02-003082-3@dCNY18.00
100    @a20010916d2000 km y0chiy0120 ea
101 0  @achi
105    @aa z 000yy
200 1  @a东方神韵@ADong Fang Shen Yun@e意境论@EYi Jing Lun@f薛富兴著@FXue Fu Xing Zhu
210    @a北京@c人民文学出版社@d2000
215    @a357页@c照片@d32开
225    @a猫头鹰学术文丛
410    @12001 @a猫头鹰学术文丛
517    @a意境论@AYi Jing Lun
606 0  @a意境@x研究
606 0  @a美学
690    @aB83-05@v4
701  0 @a薛富兴@4著
801    @aCN@bTSTC@c20010918
905    @b314188-192@dB83-05@e164@f5
    
    东方神韵:意境论/薛富兴著.-北京:人民文学出版社,2000
    357页:照片;32开.-(猫头鹰学术文丛)
    
    
    ISBN 7-02-003082-3:CNY18.00
    
●
相关链接 在E读中查询图书 在五车中查询图书 在当当中查询图书 在豆瓣中查询图书


正题名:东方神韵     索取号:B83-05/164         预约/预借

序号 登录号 条形码 馆藏地/架位号 状态 备注
1 0314188   203141885   密集书库/ [索取号:B83-05/164] 在馆    
2 0314189   203141894   密集书库/ [索取号:B83-05/164] 在馆    
3 0314190   203141901   第一借阅区/ [索取号:B83-05/164] 在馆    
4 0314191   203141910   密集书库/ [索取号:B83-05/164] 在馆    
5 0314192   203141929   第一借阅区/ [索取号:B83-05/164] 在馆    
唐山师范学院图书馆 欢迎您!
大连网信软件有限公司© 版权所有